| 000 -ლიდერი |
| ფიქსირებული სიგრძის საკონტროლო ველი |
01249nam a22001817a 4500 |
| 003 - საკონტროლო ნომრის იდენტიფიკატორი |
| საკონტროლო ველი |
Ge_BSU |
| 005 - ბოლო ოპერაციის თარიღი და დრო |
| საკონტროლო ველი |
20221130111125.0 |
| 008 - ფიქსირებული სიგრძის მონაცემთა ელემენტები - ზოგადი ინფორმაცია |
| ფიქსირებული სიგრძის საკონტროლო ველი |
221130s1978ge xxu||||| |||| 00| 0 geo d |
| 041 ## - ენის კოდი |
| Language code of text/sound track or separate title |
geo |
| 080 ## - უნივერსალური ათობითი კლასიფიკაციის ინდექსი |
| Universal Decimal Classification number |
821.133.1-84+ 94(44)+17(44)(09) ლ-13 |
| 100 ## - მთავარი ჩანაწერი - პიროვნების სახელი |
| Personal name |
ლაბრუიერი, ჟან დე, ავტორი. |
| 9 (RLIN) |
16226 |
| 245 ## - ცნობა სათაურის შესახებ |
| Title |
ხასიათები ანუ ჩვენი საუკუნის ზნე-ჩვეულებანი / |
| Statement of responsibility, etc |
ჟან დე ლაბრუიერი ; ფრანგ. თარგმნა, შესავალი წერილი-ჟან დე ლაბრუიერის "ხასიათები ანუ ჩვენი საუკუნის ზნე-ჩვეულებანი" და შენიშვნ. დაურთო რ. დოდაშვილმა |
| 264 ## - წარმოების, გამოცემის, დისტრიბუციის და სხვა ცნობები |
| გამოცემის, წარმოების, დისტრიბუციის... ადგილი |
თბილისი : |
| გამოცემის, წარმოების, დისტრიბუციის... სახელწოდება |
ნაკადული, |
| გამოცემის, წარმოების, დისტრიბუციის... თარიღი |
1978. |
| 300 ## - ფიზიკური აღწერა |
| Extent |
458 გვ. ; |
| Other physical details |
21 სმ. |
| 653 ## - INDEX TERM--UNCONTROLLED |
| Uncontrolled term |
საფრანგეთის ისტორია. ფრანგული მორალისტური აზრის ისტორია. |
| 700 ## - ADDED ENTRY--PERSONAL NAME |
| Personal name |
დოდაშვილი, რ |
| Relator term |
მთარგმნელი |
| 9 (RLIN) |
16227 |
| 942 ## - ADDED ENTRY ELEMENTS (KOHA) |
| Source of classification or shelving scheme |
|
| Koha item type |
წიგნი |